000 00830nam a2200265 i 4500
001 bgj
245 1 0 _aBriefwechsel mit seiner Freundin Stella Patrick Campbell /
_cGeorge Bernard Shaw ; Übertragen ins Deutsche und mit Erläuterungen versehen von Hermann Stresau.
260 _aHamburg :
_bFischer Taschenbuch Verlag,
_c1981.
300 _a378 s. ;
_c18 cm.
490 1 _aFischer-Taschenbücher
_v5027
504 _aIndeks.
600 1 _aSHAW, Bernard George.
650 9 _aLiteratura niemiecka
700 1 _aSHAW, Bernard George.
700 1 _aCAMPBELL, Patrick.
700 1 _aSTRESAU, Hermann.
830 _aFischer-Taschenbücher
020 _a3596250277
040 _cBPK
041 0 _ager
_heng
080 _a821.111
920 _a3-596-25027-7
942 _cKS
008 s gw f |000 0 ger
999 _c50630
_d50630
856 _uhttp://koha.tu.koszalin.pl/cgi-bin/koha/opac-detail.pl?biblionumber=50630
_yKatalog online BPK